Landen die het dichtst bij Kosovo liggen - een minuut sprint - Statistieken

Algemene statistieken
  • Deze quiz is 17 keer genomen
  • De gemiddelde score is 15 van 20
Antwoordstatistieken
km land % Correct
0 Albanië
92%
54 Bulgarije
92%
114 Griekenland
92%
128 Kroatië
92%
0 Noord-Macedonië
92%
0 Servië
92%
96 Bosnië en Herzegovina
85%
318 Hongarije
85%
253 Italië
85%
0 Montenegro
85%
601 Moldavië
77%
156 Roemenië
77%
478 Slovenië
69%
389 Turkije
62%
628 Vaticaanstad
62%
547 Oekraïne
54%
622 San Marino
54%
525 Oostenrijk
46%
527 Slowakije
46%
658 Polen
15%
Geen overeenkomende quizzen gevonden
Scoreverdeling
Procent van Mensen met Elke Score
Percentiel versus Aantal Correcte Antwoorden
Uw Scoregeschiedenis
U heeft deze quiz nog niet genomen